Introduction to hardware security and trust

Saved in:
Bibliographic Details
Other Authors: Tehranipoor, Mohammad H. 1974- (Editor), Wang, Cliff (Editor)
Format: Book
Language:English
Published: New York : Springer, c2012
Subjects:
Tags: Add Tag
No Tags, Be the first to tag this record!

MARC

LEADER 00000nam a2200000 a 4500
001 1/107453
008 150715t2013####nyu| ||| |||| ||eng||
020 |a 9781441980793 
040 |a GR-MyUa  |b gre  |c GR-MyUa  |e AACR2 
041 0 |a eng 
082 7 |a 005.8   |2 (23) 
245 1 0 |a Introduction to hardware security and trust /   |c Mohammad Tehranipoor, Cliff Wang, editors.  
260 |a New York :   |b Springer,   |c c2012  
300 |a viii, 427 σ. :   |b σχέδια, πιν. ;   |c 25 εκ.  
504 |a Περιέχει βιβλιογραφικές αναφορές.  
650 0 |a Computer security. 
650 0 |a Computer input-output equipment. 
650 0 |a Data protection. 
650 0 |a Computer networks  |x Safety measures. 
650 0 |a Information technology  |x Security measures. 
700 1 |a Tehranipoor, Mohammad H.  |d 1974- ,  |e edt 
700 1 |a Wang, Cliff,  |e edt 
852 |a INST  |b SAMOS  |e 20150715  |h 005.8 INT  |p 005300042423  |q 005300042423  |t BK  |y 0 
922 |a 3ΕΛΗ  |b 201504  |c ΤΜΠΕΣ  |d Διαδρομές 
970 |a Κοσιέρης  |b Χρήστος  |z 15-07-2015